| 000 | 00695nab#a2200253#c#4500 | ||
|---|---|---|---|
| 999 |
_c53644 _d53644 |
||
| 003 | IEF | ||
| 005 | 20191205102520.0 | ||
| 008 | 950704s1976 uuu|| #####0 b| |u | ||
| 040 |
_aIEF _cES-MaIEF |
||
| 100 | 1 |
_aReeder, John _937064 |
|
| 245 |
_a"Tratados de cambios y de usura" en Castilla (1541-1547) _c John Reeder |
||
| 260 | _c1976 | ||
| 500 | _aBibliografía | ||
| 650 | 4 |
_aHISTORIA ECONOMICA _945401 |
|
| 650 | 4 |
_aESPAÑA _941092 |
|
| 650 | 4 |
_aCASTILLA Y LEON _933553 |
|
| 650 | 4 |
_aTIPO DE CAMBIO _948564 |
|
| 650 | 4 |
_aUSURA _948654 |
|
| 650 | 4 |
_aSIGLO XIV _948414 |
|
| 773 | 0 |
_tHacienda pública española _w34570 _g38, p. 171-177 |
|
| 942 | _2udc | ||
| 942 | _2udc | ||